African Geography By Letter F - Picture Quiz - Statistics

General Stats
  • This quiz has been taken 666 times
  • The average score is 6 of 18
Answer Stats
Picture Hint Answer % Correct
(animal) Flamingo
98%
(official language) French
90%
(currency) Franc
79%
(city) Fez
75%
{Freetown} Peninsula
43%
(animal) Finch
41%
(resort) St. {Francis} Bay
35%
(animal) {Fennec} Fox
33%
(island) Fuerteventura
27%
(province) Free State
22%
(ethnic group) Fula
19%
(animal) Fossa
13%
{Fur} National Movement
7%
(ethnic group) Fon
6%
(province) Figuig
2%
(city) Faiyum
1%
(citadel) Fort Santiago
1%
(animal) {Fringe-eared} Oryx
1%
No matching quizzes found
Score Distribution
Percent of People with Each Score
Percentile by Number Answered
Your Score History
You have not taken this quiz